Sinh thái học và môi trường : giáo trình đào tạo giáo viên trung học cơ sở hệ CĐSP /
Sparad:
| Huvudupphovsman: | |
|---|---|
| Övriga upphovsmän: | , |
| Materialtyp: | Sách giấy |
| Språk: | Vietnamese |
| Publicerad: |
H. :
Giáo dục,
2002
|
| Upplaga: | Tái bản lần thứ hai |
| Taggar: |
Lägg till en tagg
Inga taggar, Lägg till första taggen!
|
| Thư viện lưu trữ: | Thư viện Trường Đại học Đà Lạt |
|---|
| LEADER | 00896nam a2200313 4500 | ||
|---|---|---|---|
| 001 | DLU030022761 | ||
| 003 | ##DLU | ||
| 005 | ##20021230 | ||
| 008 | ##021230t vn z000 vie d | ||
| 040 | # | # | |a DLU |b vie |
| 041 | # | # | |a vie |
| 044 | # | # | |a vn |
| 082 | # | # | |a 577.5 |b TR-K |
| 100 | # | # | |a Trần Kiên |e chủ biên |
| 245 | # | # | |a Sinh thái học và môi trường : |b giáo trình đào tạo giáo viên trung học cơ sở hệ CĐSP / |c Trần Kiên chủ biên, Hoàng Đức Nhuận, Mai Sỹ Tuấn |
| 250 | # | # | |a Tái bản lần thứ hai |
| 260 | # | # | |a H. : |b Giáo dục, |c 2002 |
| 300 | # | # | |a 247 tr. ; |c 27 cm |
| 700 | # | # | |a Hoàng Đức Nhuận |
| 700 | # | # | |a Mai Sỹ Tuấn |
| 992 | # | # | |a 22000 |
| 994 | # | # | |a DLU |
| 900 | # | # | |a True |
| 911 | # | # | |a Thái Thị Thanh Thủy |
| 925 | # | # | |a G |
| 926 | # | # | |a A |
| 927 | # | # | |a SH |
| 980 | # | # | |a Thư viện Trường Đại học Đà Lạt |